000 00367 a2200109 4500
001 ART_12745
005 20260410161909.0
008 260409a
245 1 0 _aThe Efficiency and Distributional Consequences of Eighteenth Century Enclosures
100 1 _aAllen, Robert C.
773 0 _tThe Economic Journal
_g- Vol. 92, NÂș 368 (dic. 1982)
_wREV12512
999 _c26634
_d26634